| 000 | 01050nam a2200205 u 4500 | ||
|---|---|---|---|
| 001 | 000799377 | ||
| 003 | AM-YeHGA | ||
| 005 | 20250617144256.0 | ||
| 008 | 110329s1972 ||| r 000 0 rus d | ||
| 040 | _aAM-YeHGA | ||
| 041 | 0 | _arus | |
| 245 | 0 | 0 |
_aКультура земляники в СССР : _bДоклады симпозиума (28 июня - 1 июля 1971) / _cВсесоюз. акад. сельхоз. наук им В.И. Ленина. Секция садоводства; НИИ зональн. ин-т садоводства нечерноземной полосы; Редкол. В.А. Колесников и др. |
| 260 |
_aМосква : _bБ. и., _c1972. |
||
| 300 |
_a497 с. : _bтабл. |
||
| 504 | _aБиблиогр.: с. 486 | ||
| 650 | 1 | 4 | _aСельское хозяйство |
| 700 | 1 |
_aКолесников, В.А. _eред. _4edt |
|
| 710 | 2 | _aНаучно-исследовательский зональный институт садоводства нечерноземной полосы | |
| 090 | _c292729 | ||
| 999 |
_c291049 _d291049 |
||